000 00451nam a2200169 a 4500
001 0000-8529
003 ELIB.Books
008 110520 1970
035 _a(ELIB.Books)0000-8674
082 _a279
_bWin
100 _aWinter, Ralph D.
245 _aThe Twenty five Unbelievable Years
260 _bSouth Pasadena: The William carey Library
_c1970
650 _aChurch History
942 _2ddc
_cBK
998 _cbat
_e2011-05-20
999 _c8529
_d8529